Matemáticas para aprender y aprobar 1 (Registro nro. 2440)

Detalles MARC
000 -Cabecera
Campo de control de longitud fija 00936aam a2200373 4500
005 - Fecha y hora de la última transacción
Campo de control 20251107175438.0
008 - Elementos de longitud fija--Información general
Campo de control de longitud fija 150529b2009 xxu||||| |||| 00| 0 spa d
020 ## - International Standard Book Number
Número Internacional Estándar del Libro (ISBN) 9788449440564
041 ## - Idioma
Código de idioma Español
082 ## - Clasificación Decimal Dewey
Número de clasificación 510 M425m
245 ## - Título propiamente dicho
Título Matemáticas para aprender y aprobar 1
260 ## - Pie de imprenta
Lugar de publicación, distribución, etc. España
260 ## - Pie de imprenta
Nombre del editor, distribuidor, etc. Editorial Océano
260 ## - Pie de imprenta
Fecha de publicación, distribución, etc. 2009
300 ## - Descripción física
Extensión 372 páginas
490 ## - Serie
Título de la Serie Temática General
505 ## - Nota de contenido
Nota de contenido Este material cuenta con un volumen 2 el cual posee las siguientes temáticas: Geometría y Probabilidad y Estadística
650 ## - Materia general
Temática (materia general) MATEMÁTICAS
650 ## - Materia general
Temática (materia general) ARITMÉTICA
650 ## - Materia general
Temática (materia general) ÁLGEBRA
650 ## - Materia general
Temática (materia general) NÚMEROS ENTEROS
650 ## - Materia general
Temática (materia general) FRACCIONES
650 ## - Materia general
Temática (materia general) DECIMALES
650 ## - Materia general
Temática (materia general) GEOMETRÍA
650 ## - Materia general
Temática (materia general) LÓGICA
650 ## - Materia general
Temática (materia general) FUNCIONES
650 ## - Materia general
Temática (materia general) CONJUNTOS
942 ## - Punto de acceso adicional KOHA
Tipo de ítem KOHA Libro
Fuente del sistema de clasificación o colocación Dewey Decimal Classification
Existencias
Signatura completa Código de barras Programa Académico Tipo de ítem
510 M425m 15281   Libro